[Event "Paks Atom Cup IM 6th"]
[Site "Paks"]
[Date "2001.08.28"]
[Round "11"]
[White "Tancsa, Robert"]
[Black "Resika, Nathan A"]
[Result "1-0"]
[WhiteElo "2205"]
[BlackElo "2203"]
[PlyCount "77"]
[EventDate "2001.08.18"]
[EventType "match"]
[EventRounds "11"]
[EventCountry "HUN"]
[EventCategory "1"]
[SourceTitle "EXT 2002"]
[Source "ChessBase"]
[SourceDate "2001.11.25"]
[SourceVersion "1"]
[SourceVersionDate "2001.11.25"]
[SourceQuality "1"]

1. e4 g6 2. d4 Bg7 3. Nc3 d6 4. f4 Nf6 5. Nf3 c5 6. Bb5+ Bd7 7. e5 Ng4 8. Bxd7+ Qxd7 9. d5 dxe5 10. h3 e4 11. Nxe4 Nf6 12. Nxf6+ Bxf6 13. 0-0 0-0 14. Be3 Bxb2 15. Rb1 Bg7 16. Bxc5 Rd8 17. Bd4 Qxd5 18. Bxg7 Kxg7 19. Qxd5 Rxd5 20. Rxb7 Nc6 21. Rc7 Nd8 22. c4 Ra5 23. Rxe7 Rxa2 24. Rd1 Rb8 25. Ne5 Rbb2 26. Rxd8 Rxg2+ 27. Kf1 Rgf2+ 28. Ke1 Rxf4 29. Rdd7 Re4+ 30. Kd1 Rf2 31. Rxa7 Rf5 32. Rxf7+ Rxf7 33. Rxf7+ Kg8 34. Re7 Rh4 35. c5 Rh5 36. c6 Kf8 37. Re6 Rxh3 38. c7 Rc3 39. Rc6 1-0

[Event "Paks Atom Cup IM 6th"]
[Site "Paks"]
[Date "2001.08.27"]
[Round "10"]
[White "Krutti, Valer"]
[Black "Tancsa, Robert"]
[Result "1-0"]
[WhiteElo "2385"]
[BlackElo "2205"]
[PlyCount "91"]
[EventDate "2001.08.18"]
[EventType "match"]
[EventRounds "11"]
[EventCountry "HUN"]
[EventCategory "1"]
[SourceTitle "EXT 2002"]
[Source "ChessBase"]
[SourceDate "2001.11.25"]
[SourceVersion "1"]
[SourceVersionDate "2001.11.25"]
[SourceQuality "1"]

1. d4 Nf6 2. c4 g6 3. Nc3 Bg7 4. e4 d6 5. h3 0-0 6. Bg5 Na6 7. Bd3 Qe8 8. g4 c5 9. d5 e6 10. Kf1 Nc7 11. a4 b6 12. Qd2 e5 13. Nge2 a6 14. Kg2 Bd7 15. f3 Rb8 16. Ng3 b5 17. axb5 axb5 18. b3 bxc4 19. bxc4 Rb4 20. h4 Qb8 21. Nd1 Ba4 22. Qc1 Bxd1 23. Qxd1 Rb2+ 24. Be2 Qb7 25. Bd2 Ra8 26. Bc3 Rb6 27. Qd2 Nd7 28. Bd3 Rba6 29. Rab1 Qa7 30. Rb2 Rb8 31. Rxb8+ Nxb8 32. Rb1 Nd7 33. Nf1 Ra2 34. Rb2 Rxb2 35. Qxb2 f6 36. Nd2 Bh6 37. Nb3 Kf7 38. g5 fxg5 39. Bd2 Bg7 40. hxg5 Nb6 41. Na5 Nd7 42. Nb7 Bf8 43. Ba5 Ne8 44. Qb5 Nb8 45. Nd8+ Ke7 46. Qxb8 1-0

[Event "Paks Atom Cup IM 6th"]
[Site "Paks"]
[Date "2001.08.25"]
[Round "8"]
[White "Sebe Vodislav, Razvan Alex"]
[Black "Tancsa, Robert"]
[Result "1-0"]
[WhiteElo "2278"]
[BlackElo "2205"]
[PlyCount "143"]
[EventDate "2001.08.18"]
[EventType "match"]
[EventRounds "11"]
[EventCountry "HUN"]
[EventCategory "1"]
[SourceTitle "EXT 2002"]
[Source "ChessBase"]
[SourceDate "2001.11.25"]
[SourceVersion "1"]
[SourceVersionDate "2001.11.25"]
[SourceQuality "1"]

1. e4 c5 2. Nf3 d6 3. d4 cxd4 4. Nxd4 Nf6 5. Nc3 Nc6 6. Be2 g6 7. 0-0 Bg7 8. Be3 0-0 9. Kh1 a6 10. f4 Qc7 11. a4 Na5 12. Nf3 Nc4 13. Bxc4 Qxc4 14. Bd4 Bg4 15. b3 Qc6 16. Qd3 Rac8 17. Rac1 Rfe8 18. Bxf6 Bxf6 19. Nd5 Bg7 20. c4 Bxf3 21. Qxf3 e6 22. Nb4 Qb6 23. Nc2 Rc5 24. Rcd1 Rd8 25. Qd3 a5 26. Ne3 Rcc8 27. f5 Be5 28. Ng4 h5 29. Nf2 Qb4 30. Qf3 Qc3 31. Rd3 Qc2 32. Nh3 Rf8 33. Rfd1 b6 34. Nf4 exf5 35. exf5 Bxf4 36. Qxf4 Rfe8 37. R3d2 Qc3 38. fxg6 fxg6 39. Qxd6 Kh7 40. Qd7+ Kh6 41. Qd6 Rf8 42. h3 Qe3 43. Qd3 Qg5 44. Qc2 Rce8 45. Rd6 Re3 46. R6d3 Rxd3 47. Qxd3 Rf2 48. Qe4 Qg3 49. Qa8 Qxb3 50. Qh8+ Kg5 51. Qd8+ Kh6 52. Rd4 Rf7 53. Qh8+ Rh7 54. Qf8+ Rg7 55. Rd7 Qc3 56. Qh8+ Kg5 57. Qxg7 Qc1+ 58. Kh2 Qf4+ 59. Kg1 Qe3+ 60. Kf1 Qf4+ 61. Ke2 Qe4+ 62. Kd1 Qb1+ 63. Kd2 Qa2+ 64. Kc3 Qa3+ 65. Kd2 Qa2+ 66. Kd3 Qb1+ 67. Kd4 Qd1+ 68. Ke5 Qe2+ 69. Kd6 Qd3+ 70. Kc7 Qxc4+ 71. Kb7 Qe4+ 72. Ka7 1-0